01013nam a2200265 a 450000100060000000300080000600500170001400800410003103500190007204000290009104100080012008200260012810000260015424500820018026000310026230000270029350400410032065000270036165000310038865000240041994200120044399900170045595201380047295201370061034510BD-RjUL20211209052154.0140517s1951 nyu b 000 0 eng d a(BD-RjUL)34604 aLCbengcLCdNUdBD-RjUL aeng04a303.484219bHOT 19511 aHoffer, Eric.910497114aThe true believer :bthoughts on the nature of mass movements /cEric Hoffer. aNew York :bHarper,c1951. axiii, 176 p. ;c20 cm. aIncludes bibliographical references. 0aSocial groups.9104972 0aSocial psychology.9104973 0aFanaticism.9104974 2ddccBK c34510d34510 00102ddc40718NFICaRUCLbRUCLcReadingd1968-04-02eEuro-Pakg0.00l0o303.484 HOT 1951r2014-05-17 00:00:00tC-1w2021-12-09yBK 00102ddc40708NFICaRUCLbRUCLcStackd1968-04-02eEuro-Pakg21.00l0o303.484 HOT 1951r2014-05-17 00:00:00tC-2w2021-12-09yBK